[Event "NB II. Erkel csoport"]
[Site "Vac"]
[Date "2023.10.08"]
[Round "1.12"]
[White "Slezak, Daniel Robert"]
[Black "Molnar-Saska, Tamas"]
[Result "1-0"]
[WhiteElo "1781"]
[BlackElo "1430"]
[PlyCount "123"]
[EventDate "2023.10.08"]
[EventType "team-tourn"]
[EventRounds "9"]
[EventCountry "HUN"]
[Source "chess.hu"]
[WhiteTeam "Vaci SC"]
[BlackTeam "EUTender-Sarkany DSE"]
[WhiteTeamCountry "HUN"]
[BlackTeamCountry "HUN"]

1. e4 Nf6 2. Nc3 d5 3. exd5 Nxd5 4. Nxd5 Qxd5 5. Nf3 Bg4 6. Be2 Nc6 7. O-O
O-O-O 8. h3 Bd7 9. d4 e5 10. c4 Qa5 11. d5 Nd4 12. Nxe5 Nxe2+ 13. Qxe2 Re8 14.
Qh5 g6 15. Qg5 Be7 16. Qg3 Bd6 17. f4 Qb6+ 18. Be3 Qxb2 19. Nxf7 Rhf8 20. Nxd6+
cxd6 21. c5 Qa3 22. Rf3 Qb2 23. Re1 Qb4 24. cxd6 Qxd6 25. Bxa7 b6 26. Rxe8+
Rxe8 27. Qf2 Kb7 28. Bxb6 Qxb6 29. Rb3 Bb5 30. Qxb6+ Kxb6 31. a4 Re4 32. Rxb5+
Kc7 33. a5 Rxf4 34. a6 Ra4 35. Rb7+ Kd6 36. a7 h5 37. Rb6+ Kxd5 38. Rxg6 Rxa7
39. Rh6 Ke5 40. Rxh5+ Kf6 41. Rb5 Kg6 42. Kh2 Ra4 43. g4 Ra3 44. Rf5 Rb3 45. h4
Ra3 46. Kg2 Rb3 47. Rf3 Rb2+ 48. Kg3 Rb4 49. h5+ Kh6 50. Rf6+ Kg7 51. g5 Rb1
52. Rf3 Ra1 53. Kg4 Rg1+ 54. Kf5 Ra1 55. h6+ Kh7 56. Kg4 Rg1+ 57. Kh4 Rh1+ 58.
Rh3 Ra1 59. Kh5 Ra6 60. Rf3 Ra8 61. g6+ Kg8 62. h7+ 1-0

[Event "NB II. Erkel csoport"]
[Site "Budapest"]
[Date "2023.10.08"]
[Round "1.1"]
[White "Szamoskozi, Gabor"]
[Black "Peredy, Ferenc"]
[Result "1-0"]
[WhiteElo "2241"]
[BlackElo "2181"]
[PlyCount "105"]
[EventDate "2023.10.08"]
[EventType "team-tourn"]
[EventRounds "9"]
[EventCountry "HUN"]
[Source "chess.hu"]
[WhiteTeam "Vizugyi SC"]
[BlackTeam "TFSE"]
[WhiteTeamCountry "HUN"]
[BlackTeamCountry "HUN"]

1. e4 e6 2. d4 d5 3. Nd2 Be7 4. Bd3 c5 5. dxc5 Nf6 6. Qe2 O-O 7. Ngf3 a5 8. O-O
Na6 9. Bxa6 Rxa6 10. a4 Bxc5 11. e5 Nd7 12. Nb3 Qc7 13. Nxc5 Nxc5 14. Nd4 Bd7
15. Nb5 Bxb5 16. axb5 Raa8 17. Ra3 b6 18. Rh3 f5 19. exf6 Rxf6 20. Be3 Qe5 21.
c3 Raf8 22. Qc2 Qf5 23. Qxf5 Rxf5 24. g4 Re5 25. Rd1 Re4 26. Rd4 Rxd4 27. Bxd4
Rf4 28. Rg3 Nd7 29. f3 e5 30. Be3 Ra4 31. Rg2 Ra1+ 32. Kf2 Rb1 33. Kg3 Kf7 34.
f4 e4 35. Bd4 g6 36. Kh4 a4 37. f5 a3 38. bxa3 Rxb5 39. Kg5 gxf5 40. gxf5 Rb1
41. Kh6 Rf1 42. Rg7+ Ke8 43. Kg5 Rf3 44. f6 h6+ 45. Kg6 Nf8+ 46. Kxh6 Rh3+ 47.
Kg5 Ne6+ 48. Kg4 Nxd4 49. Kxh3 Nb5 50. Kg4 Nxc3 51. Kf5 d4 52. Ke6 Kf8 53. Rd7
1-0

[Event "NB II. Erkel csoport"]
[Site "Budapest"]
[Date "2023.10.08"]
[Round "1.2"]
[White "Reviczki, Roland"]
[Black "Dencsi, Tibor"]
[Result "1/2-1/2"]
[WhiteElo "2231"]
[BlackElo "2276"]
[PlyCount "110"]
[EventDate "2023.10.08"]
[EventType "team-tourn"]
[EventRounds "9"]
[EventCountry "HUN"]
[Source "chess.hu"]
[WhiteTeam "TFSE"]
[BlackTeam "Vizugyi SC"]
[WhiteTeamCountry "HUN"]
[BlackTeamCountry "HUN"]

1. e4 b6 2. d4 Bb7 3. Bd3 e6 4. Nf3 d6 5. c3 Nd7 6. Nbd2 g6 7. Nf1 Bg7 8. Bg5
Ne7 9. Qd2 h6 10. Be3 Nf6 11. Ng3 Ng4 12. Bf4 e5 13. dxe5 dxe5 14. Be3 Qd7 15.
Bc4 Rd8 16. Qxd7+ Rxd7 17. Bd2 Nc6 18. Bb5 Re7 19. h3 Nf6 20. h4 a6 21. Ba4 Nd7
22. h5 Nc5 23. Bc2 Rd7 24. hxg6 fxg6 25. Nh4 Ne7 26. Ke2 a5 27. c4 Ne6 28. Ba4
Nd4+ 29. Ke1 c6 30. Bd1 c5 31. Ba4 Bc6 32. Bxc6 Ndxc6 33. Nf1 O-O 34. Ne3 Nd4
35. Bc3 g5 36. Nf3 Nxf3+ 37. gxf3 Rxf3 38. Ke2 Rf8 39. Ng4 Rd6 40. Bxe5 Bxe5
41. Nxe5 Re6 42. Nd7 Rd8 43. Rad1 Nc6 44. Rd5 Rxe4+ 45. Kf1 Kg7 46. Nxb6 Rxd5
47. cxd5 Ne5 48. a3 Nc4 49. Nxc4 Rxc4 50. Rh3 Rd4 51. Rb3 Rxd5 52. Rb5 a4 53.
Ra5 Rd2 54. Rxc5 Rxb2 55. Rc4 Ra2 1/2-1/2

[Event "NB II. Erkel csoport"]
[Site "Budapest"]
[Date "2023.10.08"]
[Round "1.3"]
[White "Mika, Janos"]
[Black "Laszlo, Csaba"]
[Result "0-1"]
[WhiteElo "2109"]
[BlackElo "2023"]
[PlyCount "84"]
[EventDate "2023.10.08"]
[EventType "team-tourn"]
[EventRounds "9"]
[EventCountry "HUN"]
[Source "chess.hu"]
[WhiteTeam "Vizugyi SC"]
[BlackTeam "TFSE"]
[WhiteTeamCountry "HUN"]
[BlackTeamCountry "HUN"]

1. Nf3 Nf6 2. c4 e6 3. b3 d5 4. Bb2 Nbd7 5. g3 b6 6. Bg2 Bb7 7. O-O Be7 8. Qc2
O-O 9. d3 c5 10. Nbd2 d4 11. b4 Qc7 12. bxc5 bxc5 13. Rab1 Bc6 14. Nb3 a5 15.
Ba3 Bd6 16. e3 e5 17. exd4 exd4 18. Rfe1 Rfe8 19. Rxe8+ Rxe8 20. Qd2 Qb7 21.
Qd1 Rb8 22. Rb2 Qa8 23. Nh4 Bxg2 24. Nxg2 a4 25. Nd2 Rxb2 26. Bxb2 Ne5 27. Ne1
Qc6 28. f3 Bc7 29. Ne4 Nxe4 30. fxe4 Ba5 31. Ng2 h6 32. Nf4 Qd7 33. Qh5 f6 34.
Qf5 Qxf5 35. exf5 Bd2 36. Ne6 Nxd3 37. Ba3 Ne5 38. Bxc5 d3 39. Kf1 Nxc4 40. g4
Bc3 41. Nf4 d2 42. Ke2 Nb2 0-1

[Event "NB II. Erkel csoport"]
[Site "Budapest"]
[Date "2023.10.08"]
[Round "1.5"]
[White "Budai, Akos"]
[Black "Adorjan, Attila"]
[Result "1/2-1/2"]
[WhiteElo "2037"]
[BlackElo "1970"]
[PlyCount "82"]
[EventDate "2023.10.08"]
[EventType "team-tourn"]
[EventRounds "9"]
[EventCountry "HUN"]
[Source "chess.hu"]
[WhiteTeam "Vizugyi SC"]
[BlackTeam "TFSE"]
[WhiteTeamCountry "HUN"]
[BlackTeamCountry "HUN"]

1. d4 Nf6 2. c4 e6 3. Nf3 b6 4. g3 Ba6 5. b3 Bb4+ 6. Bd2 Be7 7. Nc3 d5 8. Bg2
O-O 9. Ne5 c6 10. cxd5 cxd5 11. O-O Nfd7 12. Nxd5 exd5 13. Bxd5 Nxe5 14. Bxa8
Qxd4 15. Bf4 Nbc6 16. Bxe5 Qxd1 17. Rfxd1 Rxa8 18. Bb2 Bxe2 19. Rd7 Bf3 20. Rc1
Bc5 21. Re1 Kf8 22. Rd3 Bg4 23. a3 a5 24. Kg2 Rd8 25. Rxd8+ Nxd8 26. b4 axb4
27. axb4 Bd6 28. f3 Be6 29. Rd1 Ke7 30. b5 f6 31. Bd4 Bc5 32. Bxc5+ bxc5 33.
Ra1 Nb7 34. Kf2 c4 35. Ke3 Kd6 36. Ra6+ Kd5 37. Ra7 Nd6 38. b6 Kc6 39. g4 g5
40. Rxh7 Kxb6 41. Rh6 Ne8 1/2-1/2

[Event "NB II. Erkel csoport"]
[Site "Budapest"]
[Date "2023.10.08"]
[Round "1.6"]
[White "Gabula, Adam"]
[Black "Kulcsar, Tamas"]
[Result "1/2-1/2"]
[WhiteElo "1946"]
[BlackElo "1975"]
[PlyCount "64"]
[EventDate "2023.10.08"]
[EventType "team-tourn"]
[EventRounds "9"]
[EventCountry "HUN"]
[Source "chess.hu"]
[WhiteTeam "TFSE"]
[BlackTeam "Vizugyi SC"]
[WhiteTeamCountry "HUN"]
[BlackTeamCountry "HUN"]

1. e4 e5 2. Nf3 Nc6 3. Bb5 a6 4. Bxc6 dxc6 5. O-O Qd6 6. d4 exd4 7. Nxd4 Bd7 8.
Be3 O-O-O 9. Nd2 Qg6 10. Qe2 Nf6 11. f3 Bc5 12. c3 Qh5 13. Rfe1 Bd6 14. g3 Rhe8
15. Nc4 c5 16. Nb3 Bb5 17. Nxd6+ cxd6 18. Qf2 Nd7 19. Bf4 c4 20. Nc1 Nc5 21. b4
Ne6 22. Ne2 f5 23. exf5 Qxf5 24. Nd4 Nxd4 25. Qxd4 Qd3 26. Rxe8 Rxe8 27. Bxd6
Qxf3 28. Rf1 Qe3+ 29. Qxe3 Rxe3 30. Rf7 Rxc3 31. Rxg7 Rd3 32. Bf4 Rd7 1/2-1/2

[Event "NB II. Erkel csoport"]
[Site "Budapest"]
[Date "2023.10.08"]
[Round "1.7"]
[White "Pisak, Istvan"]
[Black "Varga, Boldizsar"]
[Result "0-1"]
[WhiteElo "1948"]
[BlackElo "1882"]
[PlyCount "110"]
[EventDate "2023.10.08"]
[EventType "team-tourn"]
[EventRounds "9"]
[EventCountry "HUN"]
[Source "chess.hu"]
[WhiteTeam "Vizugyi SC"]
[BlackTeam "TFSE"]
[WhiteTeamCountry "HUN"]
[BlackTeamCountry "HUN"]

1. c4 c5 2. Nc3 Nc6 3. Nf3 Nf6 4. g3 g6 5. Bg2 Bg7 6. O-O O-O 7. d3 d6 8. Bd2
a6 9. Rb1 Rb8 10. a3 b5 11. cxb5 axb5 12. b4 cxb4 13. axb4 Bg4 14. h3 Bxf3 15.
Bxf3 Nd4 16. Bg2 Qd7 17. e3 Ne6 18. Kh2 d5 19. d4 h5 20. Qb3 Rfd8 21. Rfc1 Qd6
22. Ra1 h4 23. Be1 Bh6 24. Ne2 Ne4 25. Ra7 Rdc8 26. Rxc8+ Rxc8 27. Qd3 hxg3+
28. fxg3 Qc6 29. Rxe7 Ra8 30. Nf4 Nxf4 31. gxf4 Bf8 32. Rxe4 dxe4 33. Bxe4 Ra2+
34. Kg3 Qc1 35. Bf2 Qb2 36. Bg1 Bxb4 37. Bf3 Be1+ 38. Kg4 Qb4 39. Bd5 Ra6 40.
Qe4 Qf8 41. Qc2 Kg7 42. Bf2 Bxf2 43. Qxf2 Qc8+ 44. Kg3 b4 45. Qf3 Ra3 46. Qe4
Qf5 47. Qf3 Qd3 48. Kf2 b3 49. Be4 Ra2+ 50. Kg3 Qd2 51. f5 Qh2+ 52. Kh4 Qf2+
53. Kg4 Qxf3+ 54. Kxf3 b2 55. d5 Ra1 0-1

[Event "NB II. Erkel csoport"]
[Site "Budapest"]
[Date "2023.10.08"]
[Round "1.8"]
[White "Biro, Zsolt"]
[Black "Balint, Laszlo Dr"]
[Result "0-1"]
[WhiteElo "1905"]
[BlackElo "1763"]
[PlyCount "114"]
[EventDate "2023.10.08"]
[EventType "team-tourn"]
[EventRounds "9"]
[EventCountry "HUN"]
[Source "chess.hu"]
[WhiteTeam "TFSE"]
[BlackTeam "Vizugyi SC"]
[WhiteTeamCountry "HUN"]
[BlackTeamCountry "HUN"]

1. e4 Nf6 2. e5 Nd5 3. d4 d6 4. c4 Nb6 5. exd6 exd6 6. h3 Bf5 7. Nf3 Be7 8. Nc3
O-O 9. Be2 Bf6 10. O-O Re8 11. Be3 Nc6 12. b3 Bg6 13. Rc1 Ne7 14. g4 h6 15. h4
Nc6 16. g5 hxg5 17. hxg5 Be7 18. Kg2 Nd7 19. Rh1 Nf8 20. Rh4 f6 21. Nd5 fxg5
22. Nxe7+ Nxe7 23. Bxg5 Qd7 24. Bxe7 Qxe7 25. Bd3 Qf6 26. Rc3 Bxd3 27. Rxd3 Ng6
28. Rg4 Nf4+ 29. Kg3 Nxd3 30. Qxd3 Rf8 31. Rh4 Qf5 32. Qxf5 Rxf5 33. Rf4 Raf8
34. Rxf5 Rxf5 35. d5 a6 36. Nd4 Rf7 37. Ne6 c6 38. Nd8 Rd7 39. Ne6 cxd5 40.
cxd5 Kf7 41. f4 Kf6 42. Kf3 Re7 43. Nd8 Kf5 44. Ne6 Rxe6 45. dxe6 Kxe6 46. Ke4
d5+ 47. Kd4 g6 48. b4 Kd6 49. a4 b6 50. Kd3 a5 51. Kc3 Ke6 52. bxa5 bxa5 53.
Kd4 Kd6 54. Kd3 Kc5 55. Kc3 d4+ 56. Kd3 Kd5 57. Kd2 Ke4 0-1

[Event "NB II. Erkel csoport"]
[Site "Budapest"]
[Date "2023.10.08"]
[Round "1.9"]
[White "D Albini, Geza"]
[Black "Gyorfi, Adam"]
[Result "0-1"]
[WhiteElo "1739"]
[BlackElo "1841"]
[PlyCount "48"]
[EventDate "2023.10.08"]
[EventType "team-tourn"]
[EventRounds "9"]
[EventCountry "HUN"]
[Source "chess.hu"]
[WhiteTeam "Vizugyi SC"]
[BlackTeam "TFSE"]
[WhiteTeamCountry "HUN"]
[BlackTeamCountry "HUN"]

1. c4 g6 2. Nc3 Bg7 3. g3 c5 4. Bg2 Nc6 5. e3 e5 6. Nge2 Nge7 7. d3 O-O 8. O-O
d6 9. Rb1 Be6 10. Nd5 Qd7 11. a3 Bh3 12. Nec3 Bxg2 13. Kxg2 f5 14. Nxe7+ Nxe7
15. Nd5 Nxd5 16. cxd5 Rac8 17. e4 c4 18. f3 Qb5 19. dxc4 Qxc4 20. Re1 fxe4 21.
fxe4 Qc2+ 22. Qxc2 Rxc2+ 23. Kg1 Rff2 24. Be3 Rg2+ 0-1

[Event "NB II. Erkel csoport"]
[Site "Budapest"]
[Date "2023.10.08"]
[Round "1.10"]
[White "Szarvas, Nora"]
[Black "Kiss, Balazs Dr"]
[Result "1-0"]
[WhiteElo "1901"]
[BlackElo "1732"]
[PlyCount "101"]
[EventDate "2023.10.08"]
[EventType "team-tourn"]
[EventRounds "9"]
[EventCountry "HUN"]
[Source "chess.hu"]
[WhiteTeam "TFSE"]
[BlackTeam "Vizugyi SC"]
[WhiteTeamCountry "HUN"]
[BlackTeamCountry "HUN"]

1. e4 Nf6 2. e5 Nd5 3. d4 d6 4. c4 Nb6 5. exd6 cxd6 6. Nc3 Nc6 7. Be3 g6 8. b3
Bg7 9. Rc1 O-O 10. Nf3 Re8 11. Be2 e5 12. d5 Ne7 13. Qd2 Nf5 14. Bg5 f6 15. Be3
Nxe3 16. Qxe3 f5 17. O-O f4 18. Qd3 Bf5 19. Ne4 Nd7 20. Nfd2 Rf8 21. Bf3 g5 22.
Qe2 Nc5 23. Nxc5 dxc5 24. Be4 Qf6 25. h3 Rae8 26. Qf3 b6 27. Rfe1 Re7 28. a3
Rd8 29. b4 Rc7 30. Rb1 Bf8 31. Qd3 Rf7 32. Nf3 Bd6 33. bxc5 Bxc5 34. Bxf5 Qxf5
35. Qxf5 Rxf5 36. Nxe5 Bxa3 37. Nc6 Rd7 38. Ra1 Bc5 39. Nxa7 h5 40. Nc6 g4 41.
hxg4 hxg4 42. Ne5 Rg7 43. Nd3 Bd4 44. Ra8+ Kh7 45. Re4 Bc3 46. Rxf4 Rxf4 47.
Nxf4 g3 48. fxg3 Bd4+ 49. Kh2 Rc7 50. Ra4 b5 51. cxb5 1-0

[Event "NB II. Erkel csoport"]
[Site "Budapest"]
[Date "2023.10.08"]
[Round "1.11"]
[White "Lestyak, Barnabas"]
[Black "Kubik, Anna Zsofia"]
[Result "0-1"]
[WhiteElo "1472"]
[BlackElo "1610"]
[PlyCount "62"]
[EventDate "2023.10.08"]
[EventType "team-tourn"]
[EventRounds "9"]
[EventCountry "HUN"]
[Source "chess.hu"]
[WhiteTeam "Vizugyi SC"]
[BlackTeam "TFSE"]
[WhiteTeamCountry "HUN"]
[BlackTeamCountry "HUN"]

1. d4 d5 2. c4 e6 3. Nc3 f5 4. Nf3 c6 5. Bg5 Nf6 6. e3 Bd6 7. Ne5 O-O 8. c5 Bc7
9. Bd3 Qe8 10. O-O Ne4 11. Bxe4 fxe4 12. f4 exf3 13. Rxf3 Bxe5 14. dxe5 Nd7 15.
Qd4 Rxf3 16. gxf3 Qg6 17. Qg4 Nxe5 18. Qg3 Nd3 19. Rd1 Nxb2 20. Rd2 Nc4 21. Rg2
h6 22. Qc7 hxg5 23. Qd8+ Kh7 24. Rxg5 Qh6 25. Rg4 Qxe3+ 26. Kg2 Qd2+ 27. Kg3
Qe1+ 28. Kh3 e5 29. Qg5 Bxg4+ 30. Kxg4 Qg1+ 31. Kf5 Ne3+ 0-1

[Event "NB II. Erkel csoport"]
[Site "Fot"]
[Date "2023.10.08"]
[Round "1.1"]
[White "Budai, David"]
[Black "Sagi, Bence"]
[Result "1/2-1/2"]
[WhiteElo "2322"]
[BlackElo "2137"]
[PlyCount "65"]
[EventDate "2023.10.08"]
[EventType "team-tourn"]
[EventRounds "9"]
[EventCountry "HUN"]
[Source "chess.hu"]
[WhiteTeam "HUSI SC"]
[BlackTeam "Fot SE-LearningChess"]
[WhiteTeamCountry "HUN"]
[BlackTeamCountry "HUN"]

1. Nf3 d5 2. c4 c6 3. d4 Nf6 4. e3 g6 5. Nc3 Bg7 6. Bd3 O-O 7. O-O Bg4 8. h3
Bxf3 9. Qxf3 dxc4 10. Bxc4 Nbd7 11. Rd1 Qc7 12. Bb3 e5 13. Bd2 exd4 14. exd4
Nb6 15. Rac1 Qd7 16. Bf4 Rac8 17. Be5 Nbd5 18. Nxd5 Nxd5 19. Bxg7 Kxg7 20. Bxd5
Qxd5 21. Qxd5 cxd5 22. Rc5 Rxc5 23. dxc5 Rd8 24. Kf1 Kf6 25. Ke2 Re8+ 26. Kd3
Re4 27. b3 Ke5 28. Rc1 Rd4+ 29. Kc3 Re4 30. Kd3 Rd4+ 31. Kc3 Re4 32. Kd3 Rd4+
33. Kc3 1/2-1/2

[Event "NB II. Erkel csoport"]
[Site "Fot"]
[Date "2023.10.08"]
[Round "1.2"]
[White "Bravin, Alexey"]
[Black "Erdelyi, Zombor"]
[Result "1-0"]
[WhiteElo "2030"]
[BlackElo "2298"]
[PlyCount "105"]
[EventDate "2023.10.08"]
[EventType "team-tourn"]
[EventRounds "9"]
[EventCountry "HUN"]
[Source "chess.hu"]
[WhiteTeam "Fot SE-LearningChess"]
[BlackTeam "HUSI SC"]
[WhiteTeamCountry "HUN"]
[BlackTeamCountry "HUN"]

1. e4 c5 2. Nf3 d6 3. Bb5+ Nd7 4. a4 Ngf6 5. Nc3 e6 6. O-O Be7 7. d4 cxd4 8.
Qxd4 O-O 9. Rd1 Qc7 10. Bg5 Rd8 11. Be2 b6 12. Nd2 h6 13. Bh4 Ne5 14. Nb5 Qd7
15. Bg3 Nc6 16. Qe3 a6 17. Na3 e5 18. Ndc4 Rb8 19. Nxb6 Qb7 20. Nxc8 Rdxc8 21.
b3 Nd4 22. Bd3 Ng4 23. Qe1 h5 24. f3 h4 25. Bxh4 Bxh4 26. Qxh4 Ne3 27. Rd2 f5
28. exf5 Nxg2 29. Kxg2 Qxf3+ 30. Kg1 Qe3+ 31. Qf2 Qxd2 32. Qxd2 Nf3+ 33. Kf2
Nxd2 34. Ke2 Nxb3 35. cxb3 d5 36. Bxa6 Rc3 37. Bb5 Rxb3 38. Nb1 Rc8 39. Nd2 Rc2
40. Bd3 Rxd2+ 41. Kxd2 e4 42. Bc2 Rh3 43. a5 Rxh2+ 44. Kc3 d4+ 45. Kxd4 Rxc2
46. a6 Rc8 47. a7 Ra8 48. Kxe4 Kf7 49. Ra6 Ke7 50. Kd5 Rd8+ 51. Kc5 Rc8+ 52.
Kb6 Kf6 53. Kb7+ 1-0

[Event "NB II. Erkel csoport"]
[Site "Fot"]
[Date "2023.10.08"]
[Round "1.3"]
[White "Papp, Gellert"]
[Black "Gubics, Peter"]
[Result "1-0"]
[WhiteElo "2262"]
[BlackElo "1972"]
[PlyCount "97"]
[EventDate "2023.10.08"]
[EventType "team-tourn"]
[EventRounds "9"]
[EventCountry "HUN"]
[Source "chess.hu"]
[WhiteTeam "HUSI SC"]
[BlackTeam "Fot SE-LearningChess"]
[WhiteTeamCountry "HUN"]
[BlackTeamCountry "HUN"]

1. e4 e6 2. d4 d5 3. e5 c5 4. c3 Qb6 5. Nf3 Bd7 6. a3 cxd4 7. cxd4 Bb5 8. Bxb5+
Qxb5 9. Nc3 Qa6 10. Qe2 Qxe2+ 11. Nxe2 Nd7 12. Bd2 Ne7 13. h4 Nb6 14. Nf4 Nc6
15. b3 Be7 16. Ke2 a5 17. a4 Nd7 18. g4 Ndb8 19. Nh5 Rg8 20. Be3 Na6 21. Ng5 h6
22. Nf3 Nab4 23. g5 hxg5 24. hxg5 Kd7 25. Rag1 Na2 26. Bd2 Bb4 27. g6 Raf8 28.
Bxb4 axb4 29. gxf7 Rxf7 30. Nf6+ gxf6 31. Rxg8 Nc3+ 32. Kf1 Ne4 33. exf6 Nxf6
34. Rgh8 Kd6 35. Ke2 Ne4 36. R8h4 Na5 37. Ne5 Rxf2+ 38. Ke3 Rf8 39. Rxe4 dxe4
40. Rh7 Rd8 41. Nf7+ Kc7 42. Nxd8+ Kxd8 43. Kxe4 Kc8 44. Kd3 Nxb3 45. Kc4 Nd2+
46. Kxb4 Nf3 47. Kc5 b6+ 48. Kxb6 Nxd4 49. a5 1-0

[Event "NB II. Erkel csoport"]
[Site "Fot"]
[Date "2023.10.08"]
[Round "1.4"]
[White "Bokros, Istvan"]
[Black "Biro, David"]
[Result "0-1"]
[WhiteElo "2002"]
[BlackElo "2239"]
[PlyCount "92"]
[EventDate "2023.10.08"]
[EventType "team-tourn"]
[EventRounds "9"]
[EventCountry "HUN"]
[Source "chess.hu"]
[WhiteTeam "Fot SE-LearningChess"]
[BlackTeam "HUSI SC"]
[WhiteTeamCountry "HUN"]
[BlackTeamCountry "HUN"]

1. e4 g6 2. d4 Bg7 3. Nc3 d6 4. f4 Nc6 5. d5 Nd4 6. Be3 c5 7. dxc6 Nxc6 8. Qd2
Nf6 9. Nf3 O-O 10. Bd3 Bg4 11. O-O Bxf3 12. Rxf3 Ng4 13. Kh1 Nxe3 14. Qxe3 Rc8
15. Raf1 Qa5 16. e5 dxe5 17. f5 e4 18. Bxe4 Nd4 19. Rg3 Rcd8 20. h4 Qe5 21.
fxg6 hxg6 22. Qg5 Qxg5 23. hxg5 Rd7 24. Rd1 Rd6 25. Nd5 Re6 26. Nc3 Ne2 27.
Nxe2 Rxe4 28. Nc3 Rh4+ 29. Kg1 Bd4+ 30. Kf1 e5 31. Ke2 Rc8 32. Rdd3 Rf4 33. Kd2
Rf2+ 34. Kc1 b5 35. a3 a5 36. Rdf3 Rxf3 37. Rxf3 Bxc3 38. Rxc3 Rxc3 39. bxc3 f5
40. gxf6 Kf7 41. Kd2 Kxf6 42. c4 b4 43. a4 Ke6 44. g4 Kd6 45. g5 Kc5 46. Kd3
e4+ 0-1

[Event "NB II. Erkel csoport"]
[Site "Fot"]
[Date "2023.10.08"]
[Round "1.5"]
[White "Szabolcsi, Janos"]
[Black "Dancs, Zsolt"]
[Result "1/2-1/2"]
[WhiteElo "2184"]
[BlackElo "2039"]
[PlyCount "135"]
[EventDate "2023.10.08"]
[EventType "team-tourn"]
[EventRounds "9"]
[EventCountry "HUN"]
[Source "chess.hu"]
[WhiteTeam "HUSI SC"]
[BlackTeam "Fot SE-LearningChess"]
[WhiteTeamCountry "HUN"]
[BlackTeamCountry "HUN"]

1. d4 Nf6 2. c4 e6 3. Nf3 d5 4. Bg5 Be7 5. e3 c6 6. Nbd2 Nbd7 7. Bd3 dxc4 8.
Nxc4 O-O 9. O-O b6 10. Rc1 Bb7 11. Qe2 c5 12. Rfd1 Nd5 13. Nd6 Bc6 14. Bxe7
Qxe7 15. Ne4 N5f6 16. Nfd2 Rac8 17. dxc5 Bxe4 18. Nxe4 Nxe4 19. Bxe4 Nxc5 20.
Bb1 Rfd8 21. Qc2 g6 22. b4 Nb7 23. Qxc8 Rxc8 24. Rxc8+ Kg7 25. a3 a5 26. Rdc1
Nd6 27. R8c7 Qf6 28. bxa5 bxa5 29. Bd3 Qb2 30. R7c3 Nb5 31. Bxb5 Qxb5 32. g3 h5
33. h4 a4 34. Rc4 Qb3 35. R1c3 Qd1+ 36. Kg2 f5 37. Rd4 Qa1 38. Rc7+ Kf6 39.
Rxa4 Qe5 40. Rd7 Qb5 41. Rad4 Qc6+ 42. Kh2 Qc2 43. Rd2 Qe4 44. R7d4 Qf3 45. a4
g5 46. hxg5+ Kxg5 47. a5 e5 48. Rd8 h4 49. Rg8+ Kf6 50. gxh4 f4 51. a6 Kf7 52.
Rg5 fxe3 53. fxe3 Qxe3 54. Rf5+ Ke6 55. Rff2 Qe4 56. a7 Qxh4+ 57. Kg2 Qe4+ 58.
Kh2 Qh7+ 59. Kg2 Qxa7 60. Rf1 Qg7+ 61. Kf2 Qg4 62. Re1 Qf4+ 63. Ke2 e4 64. Kd1
Qf3+ 65. Rde2 Kd5 66. Kc2 Qd3+ 67. Kb2 Qb5+ 68. Kc2 1/2-1/2

[Event "NB II. Erkel csoport"]
[Site "Fot"]
[Date "2023.10.08"]
[Round "1.6"]
[White "Piroska, Istvan"]
[Black "Fendrik, Lajos"]
[Result "1/2-1/2"]
[WhiteElo "1909"]
[BlackElo "2175"]
[PlyCount "135"]
[EventDate "2023.10.08"]
[EventType "team-tourn"]
[EventRounds "9"]
[EventCountry "HUN"]
[Source "chess.hu"]
[WhiteTeam "Fot SE-LearningChess"]
[BlackTeam "HUSI SC"]
[WhiteTeamCountry "HUN"]
[BlackTeamCountry "HUN"]

1. e4 e6 2. d4 d5 3. exd5 exd5 4. h3 Bd6 5. Nf3 Ne7 6. Bd3 Bf5 7. O-O Nbc6 8.
Re1 Qd7 9. Nc3 O-O-O 10. Nb5 f6 11. Nxd6+ Qxd6 12. c3 g5 13. b4 Bxd3 14. Qxd3
Qd7 15. b5 Na5 16. Ba3 Ng6 17. Nh2 Nc4 18. Bb4 Nf4 19. Qc2 Rde8 20. Ng4 Re6 21.
Rxe6 Qxe6 22. Nh6 Qe4 23. Qxe4 dxe4 24. Nf5 Re8 25. Ng7 Rg8 26. Nf5 Kd7 27. Re1
Re8 28. Ng7 Rg8 29. Nf5 Nd5 30. Rxe4 Re8 31. Rxe8 Kxe8 32. a3 Nxb4 33. axb4 Na3
34. Kf1 Nxb5 35. c4 Na3 36. Ne3 f5 37. c5 f4 38. Nd5 c6 39. Nf6+ Kf7 40. Nxh7
Kg6 41. Nf8+ Kf5 42. g4+ fxg3 43. fxg3 Nc2 44. g4+ Kf6 45. Nh7+ Kg6 46. Nf8+
Kh6 47. Ne6 Nxb4 48. Ke2 b5 49. cxb6 axb6 50. Ke3 b5 51. Ke4 Kg6 52. Ke5 Nd3+
53. Kd6 b4 54. d5 cxd5 55. Nd4 Nf4 56. Kc5 Kf6 57. Kxb4 Nxh3 58. Nf3 Ke7 59.
Kc5 Ke6 60. Kd4 Kd6 61. Ne5 Nf2 62. Nf7+ Kc6 63. Nxg5 Nxg4 64. Nf3 Kd6 65. Nh4
Nh6 66. Ng6 Nf5+ 67. Kd3 Kc5 68. Nf4 1/2-1/2

[Event "NB II. Erkel csoport"]
[Site "Fot"]
[Date "2023.10.08"]
[Round "1.7"]
[White "Feher, Botond"]
[Black "Mester, Attila"]
[Result "1/2-1/2"]
[WhiteElo "2009"]
[BlackElo "1942"]
[PlyCount "52"]
[EventDate "2023.10.08"]
[EventType "team-tourn"]
[EventRounds "9"]
[EventCountry "HUN"]
[Source "chess.hu"]
[WhiteTeam "HUSI SC"]
[BlackTeam "Fot SE-LearningChess"]
[WhiteTeamCountry "HUN"]
[BlackTeamCountry "HUN"]

1. e4 c5 2. c4 Nc6 3. Nc3 g6 4. g3 Bg7 5. Bg2 Nf6 6. Nge2 O-O 7. d3 d6 8. O-O
Bd7 9. h3 a6 10. Be3 Rb8 11. a3 b5 12. cxb5 axb5 13. d4 cxd4 14. Nxd4 Nxd4 15.
Bxd4 b4 16. Nd5 bxa3 17. Rxa3 Nxd5 18. exd5 Bxd4 19. Qxd4 Qb6 20. Qxb6 Rxb6 21.
Ra7 Rd8 22. Rc1 Rxb2 23. Rcc7 Be8 24. Bf3 h5 25. Rxe7 Rc8 26. Rec7 Rxc7 1/2-1/2

[Event "NB II. Erkel csoport"]
[Site "Fot"]
[Date "2023.10.08"]
[Round "1.8"]
[White "Nadassy, Attila"]
[Black "Feher, Tamas"]
[Result "0-1"]
[WhiteElo "1959"]
[BlackElo "2110"]
[PlyCount "100"]
[EventDate "2023.10.08"]
[EventType "team-tourn"]
[EventRounds "9"]
[EventCountry "HUN"]
[Source "chess.hu"]
[WhiteTeam "Fot SE-LearningChess"]
[BlackTeam "HUSI SC"]
[WhiteTeamCountry "HUN"]
[BlackTeamCountry "HUN"]

1. Nf3 g6 2. b3 Bg7 3. d4 c5 4. e3 Nf6 5. Be2 O-O 6. O-O b6 7. Bb2 Bb7 8. Nbd2
Nc6 9. c4 cxd4 10. exd4 d5 11. Re1 Qd6 12. a3 Rac8 13. Rc1 dxc4 14. Nxc4 Qf4
15. g3 Qb8 16. Bf1 Rfd8 17. Bh3 Rc7 18. Rc2 e6 19. Bc1 Nd5 20. Ne3 Nce7 21. Bg2
Nc3 22. Qd2 Bxf3 23. Rxc3 Bxg2 24. Nxg2 Nf5 25. Rd3 Nxd4 26. Kf1 Rdc8 27. Rd1
Rc2 28. Qf4 e5 29. Qg5 h6 30. Qe3 Re2 31. Qxe2 Nxe2 32. Kxe2 Rc2+ 33. Kf1 Qb7
34. Kg1 Qc6 35. Be3 Rc3 36. Rd8+ Kh7 37. R8d7 Qe6 38. Rxa7 Rxb3 39. h4 g5 40.
hxg5 hxg5 41. Rc1 Bf8 42. a4 Kg6 43. Rac7 Qg4 44. R7c6+ f6 45. Bxb6 Qxa4 46.
Be3 Ba3 47. R1c4 Rb1+ 48. Kh2 Qd1 49. g4 Qh1+ 50. Kg3 Rg1 0-1

[Event "NB II. Erkel csoport"]
[Site "Fot"]
[Date "2023.10.08"]
[Round "1.9"]
[White "Horvath, Antal Jr"]
[Black "Andreeva, Elena"]
[Result "1-0"]
[WhiteElo "2014"]
[BlackElo "1902"]
[PlyCount "59"]
[EventDate "2023.10.08"]
[EventType "team-tourn"]
[EventRounds "9"]
[EventCountry "HUN"]
[Source "chess.hu"]
[WhiteTeam "HUSI SC"]
[BlackTeam "Fot SE-LearningChess"]
[WhiteTeamCountry "HUN"]
[BlackTeamCountry "HUN"]

1. e4 c5 2. Nf3 d6 3. d4 cxd4 4. Nxd4 Nf6 5. Nc3 g6 6. Be3 Bg7 7. f3 O-O 8. Bc4
Nc6 9. Qd2 Nd7 10. O-O-O Nb6 11. Bb3 Na5 12. Qd3 Nxb3+ 13. Nxb3 Be6 14. h4 Rc8
15. h5 Bc4 16. Qd2 Bxb3 17. axb3 Rxc3 18. bxc3 Nc4 19. bxc4 Qa5 20. Qd5 Qa3+
21. Kd2 Qxc3+ 22. Ke2 Qxc2+ 23. Rd2 Qa4 24. hxg6 hxg6 25. Bh6 Rc8 26. Bxg7 Kxg7
27. Qb5 Rxc4 28. Qxa4 Rxa4 29. Rb1 b6 30. Rbb2 1-0